000 00614nam a2200241Ia 4500
003 OSt
005 20221005131334.0
006 a|||||r|||| 00| 0
007 ta
008 221004b |||||||| |||| 00| 0 mal d
024 _a58455
037 _cTextual
040 _aCRL
_cCRL
_bmal
041 _2mal
_amal
082 _aS1:4, 32H7
100 _aPillai Parameswaran Au.
_9625999
245 0 _aSishu hridayam
260 _c1947
650 _a PSYCHOLOGY
650 _aMALAYALAM LITERATURE
_938866
942 _hS1:4, 32H7
_cTEXL
_2cc
999 _c1060027
_d1060027